| 000 | 00502cam a22002171 4500 | ||
|---|---|---|---|
| 001 | sa 65004389 | ||
| 003 | DLC | ||
| 005 | 20260227112130.0 | ||
| 008 | 890514s1963 xx 000 0 urdo | ||
| 010 | _asa 65004389 | ||
| 035 | _a(OCoLC)23545276 | ||
| 040 |
_aDLC _cMiU _dDLC |
||
| 042 | _apremarc | ||
| 050 | 0 | 0 |
_aBP188.2 _b.G5 |
| 100 | 1 |
_aGilani, Asad, _d1922- |
|
| 245 | 1 | 0 | _aPukār. |
| 260 | _c[1963] | ||
| 300 |
_a103 p. _c19 cm. |
||
| 500 | _aRomanized. | ||
| 650 | 0 |
_aReligious life _xIslam |
|
| 999 |
_c63722 _d63722 |
||